Heat and mass transfer in capillary-porous bodies /

Guardado en:
Autor Principal: Lykov, A. V. 1910-
Otros Autores: Harrison, P.W.B., (Traductor, tr.), Pun, W.M., (Traductor, tr.)
Formato: Libro
Idioma:English
Russian
Publicado: Oxford : Pergamon Press, 1966.
Edición:[1st English ed.].
Materias:
Etiquetas: Agregar Etiqueta
Sin Etiquetas, Sea el primero en etiquetar este registro!
LEADER 01097nam a22002895a 4500
001 EIQ.libpla002131
008 850320s1966####enka#####b####001#0#eng#d
005 20080305184720.0
245 1 0 |a Heat and mass transfer in capillary-porous bodies /  |c by A.V. Luikov ; translated by P.W.B. Harrison ; translation edited by W.M. Pun. 
250 |a [1st English ed.]. 
260 |a Oxford :  |b Pergamon Press,  |c 1966. 
300 |a xii, 523 p. :  |b il. ;  |c 24 cm. 
500 |a Traducción de: [Teoreticheskie osnovy stroitel'noii teplofiziki]. 
504 |a Bibliografía: p. 515-519. 
100 1 |a Lykov, A. V.  |q (Aleksei Vasilevich),  |d 1910- 
700 1 |a Harrison, P.W.B.,  |e tr.  |4 trl 
700 1 |a Pun, W.M.,  |e tr.  |4 trl 
082 0 0 |a 536.2 
650 4 |a Calor  |x Transferencia. 
650 4 |a Masa  |x Transferencia. 
650 4 |a Heat  |x Transfer. 
650 0 |a Mass  |x transfer. 
010 |a  64023679  
040 |a DLC/ICU  |c ICU  |d DLC  |d AR-BbSID 
041 1 |a eng  |h rus 
859 |a AR-BbSID  |b BIB. PLAPIQUI  |h 660.284 2  |i L 968  |p 1018  |t Ej. 1  |v Ej. 1 
859 |a AR-BbSID  |b BIB. PLAPIQUI  |h 660.284 2  |i L 968  |p 1658  |t Ej. 2  |v Ej. 2